| 000 | 00632nam a22001937a 4500 | ||
|---|---|---|---|
| 999 |
_c171100 _d171100 |
||
| 005 | 20200106163331.0 | ||
| 010 | _aA-435600 | ||
| 020 |
_c60.00 _a- |
||
| 035 | _aA-435600 | ||
| 037 |
_bDBAD/PUB _a- |
||
| 082 | _a841.08 | ||
| 100 | _aاے۔ بی۔ ا شر ف | ||
| 245 |
_aکچھ نۓ ا و ر پر ا نے شا عر _cاے۔ بی۔ ا شر ف |
||
| 246 |
_bKuchh Naye Aur Purane Shair (Urdu) _aby Dr.A.B.Ashraf |
||
| 260 |
_aLahore _bSang-e-Mail Publications, _c1989 ء |
||
| 270 |
_aChowk Urdu Bazar, _bLahore(Pakistan) _e- _k- _l- |
||
| 300 |
_a240 ص _c22 Cm(Hb) |
||
| 942 |
_2ddc _cUR _h841.08 _mا ے ب |
||